000 00296nam a22001337a 4500
008 170825b xxu||||| |||| 00| 0 eng d
020 _a139780205766496
041 _aeng
080 _a070
100 _a39
101 _aMED
245 _aTHINK COMMUNICATION
_cENGLEBERG.W
942 _2udc
_cBK
999 _c25093
_d25093